000
00342cam a2200145ua 4500
041
_a
eng
_h
082
_a
823.308
_b
INN/JO
100
_a
Innes, Michael .
245
_a
Journeying boy /
_c
Michael Innes.
_h
Textual Documents
260
_a
London :
_b
Longman ,
_c
1963.
300
_a
149 ; .
504
_a
942
_c
BK
999
_c
5174
_d
5174